| 000 | 00453nam a2200169Ia 4500 | ||
|---|---|---|---|
| 008 | 220204s9999 xx 000 0 und d | ||
| 082 |
_a631.4 _bROW |
||
| 100 | _aRowell, David L | ||
| 245 | 0 | _aSoil science: Methods and applications | |
| 260 |
_aEngland _bAddison Wesley Longman _c1994 |
||
| 650 | _aSoil acidity | ||
| 650 | _aSoil alkalinity | ||
| 650 | _aSoil fertility | ||
| 650 | _aSoil organic materials | ||
| 650 | _aSoil water | ||
| 942 | _cBK | ||
| 999 |
_c41087 _d41087 |
||